<?xml version="1.0" encoding="UTF-8"?>
<record
    xmlns:xsi="http://www.w3.org/2001/XMLSchema-instance"
    xsi:schemaLocation="http://www.loc.gov/MARC21/slim http://www.loc.gov/standards/marcxml/schema/MARC21slim.xsd"
    xmlns="http://www.loc.gov/MARC21/slim">

  <leader>04155pam a2200301 a 4500</leader>
  <datafield tag="999" ind1=" " ind2=" ">
    <subfield code="c">20916</subfield>
    <subfield code="d">20916</subfield>
  </datafield>
  <controlfield tag="005">20211112171656.0</controlfield>
  <controlfield tag="008">101020s2011    enka          000 0 eng d</controlfield>
  <datafield tag="015" ind1=" " ind2=" ">
    <subfield code="a">GBB0C8686</subfield>
    <subfield code="2">bnb</subfield>
  </datafield>
  <datafield tag="020" ind1=" " ind2=" ">
    <subfield code="a">9781905811274 </subfield>
  </datafield>
  <datafield tag="040" ind1=" " ind2=" ">
    <subfield code="a">CO-BoIAVH </subfield>
    <subfield code="c">CO-BoIAVH </subfield>
  </datafield>
  <datafield tag="041" ind1=" " ind2=" ">
    <subfield code="a">eng</subfield>
  </datafield>
  <datafield tag="044" ind1=" " ind2=" ">
    <subfield code="a">enk</subfield>
  </datafield>
  <datafield tag="082" ind1="0" ind2="0">
    <subfield code="a">635.0483</subfield>
    <subfield code="b">S642</subfield>
  </datafield>
  <datafield tag="100" ind1="1" ind2=" ">
    <subfield code="a">Smit, Tim</subfield>
    <subfield code="d">1954-</subfield>
    <subfield code="e">autor</subfield>
    <subfield code="9">103313</subfield>
  </datafield>
  <datafield tag="245" ind1="1" ind2="0">
    <subfield code="a">Eden : the whole inspiring story of the Eden project /</subfield>
    <subfield code="c">Tim Smit.</subfield>
  </datafield>
  <datafield tag="250" ind1=" " ind2=" ">
    <subfield code="a">10th anniversary edition.</subfield>
  </datafield>
  <datafield tag="260" ind1=" " ind2=" ">
    <subfield code="a">Londres (Inglaterra) :</subfield>
    <subfield code="b">Books Edition Published,</subfield>
    <subfield code="c">&#xA9;2011.</subfield>
  </datafield>
  <datafield tag="300" ind1=" " ind2=" ">
    <subfield code="a">330 p&#xE1;ginas :</subfield>
    <subfield code="b">Ilustraciones  y fotograf&#xED;as a color ;</subfield>
    <subfield code="c">20 x 25 cm. +</subfield>
    <subfield code="e">1 gu&#xED;a recorrido proyecto Eden (65 p&#xE1;ginas; 21 cm.)</subfield>
  </datafield>
  <datafield tag="520" ind1=" " ind2=" ">
    <subfield code="a">'With passion and commitment thousands of "small" people built Eden as a symbol of hope in action...We may all have feet of clay, but that shouldn't stop us trying to make a difference...We say, "Demand the impossible."' Tim Smit

At the beginning of the twenty-first century, the impossible was delivered. From the sterile depths of a disused china clay pit in Cornwall rose one of the most remarkable and ambitious ventures in recent memory. The Eden Project's iconic biomes, the world's largest conservatories, are the symbol of a living theatre of plants and people and their interdependence, of regeneration and of a pioneering forum for the exploration of possible futures.Since Eden opened its doors to the world in March 2001, over eleven million visitors have flocked there, drawn by the astonishing vision of its founders, the ever-changing horticulture and the futuristic architecture.

This is the extraordinary story of the Eden Project, of its conception, design and construction, and of the larger-than-life personalities who made it happen. It is the story of how the hope and energy of many men and women transformed a thrilling idea into the breathtaking reality of one of the world's great gardens. But Eden is more: it has mutated into an organization with projects and partnerships all over the world concerned with rehabilitation (physical and social), community education, biodiversity, town planning and sustainable construction and green employment.
</subfield>
  </datafield>
  <datafield tag="520" ind1=" " ind2=" ">
    <subfield code="a">'Con pasi&#xF3;n y compromiso, miles de personas "peque&#xF1;as" construyeron el Ed&#xE9;n como un s&#xED;mbolo de esperanza en acci&#xF3;n ... Puede que todos tengamos pies de barro, pero eso no deber&#xED;a impedirnos intentarlo para marcar la diferencia ... Decimos, "Exija lo imposible" '. Tim Smit

A principios del siglo XXI, se entreg&#xF3; lo imposible. De las est&#xE9;riles profundidades de un pozo de arcilla de porcelana en desuso en Cornualles surgi&#xF3; una de las empresas m&#xE1;s notables y ambiciosas de los &#xFA;ltimos tiempos. Los ic&#xF3;nicos biomas del Eden Project, los invernaderos m&#xE1;s grandes del mundo, son el s&#xED;mbolo de un teatro vivo de plantas y personas y su interdependencia, de regeneraci&#xF3;n y de un foro pionero para la exploraci&#xF3;n de futuros posibles. Desde que Eden abri&#xF3; sus puertas al mundo en marzo En 2001, m&#xE1;s de once millones de visitantes han acudido all&#xED;, atra&#xED;dos por la asombrosa visi&#xF3;n de sus fundadores, la horticultura en constante cambio y la arquitectura futurista.

Esta es la extraordinaria historia del Proyecto Ed&#xE9;n, de su concepci&#xF3;n, dise&#xF1;o y construcci&#xF3;n, y de las personalidades m&#xE1;s grandes que la vida que lo hicieron posible. Es la historia de c&#xF3;mo la esperanza y la energ&#xED;a de muchos hombres y mujeres transformaron una idea emocionante en la impresionante realidad de uno de los grandes jardines del mundo. Pero Eden es m&#xE1;s: se ha convertido en una organizaci&#xF3;n con proyectos y asociaciones en todo el mundo que se ocupan de la rehabilitaci&#xF3;n (f&#xED;sica y social), la educaci&#xF3;n comunitaria, la biodiversidad, la planificaci&#xF3;n urbana y la construcci&#xF3;n sostenible y el empleo verde.

</subfield>
  </datafield>
  <datafield tag="534" ind1=" " ind2=" ">
    <subfield code="p">Texto en ingl&#xE9;s.</subfield>
  </datafield>
  <datafield tag="546" ind1=" " ind2=" ">
    <subfield code="a">eng</subfield>
  </datafield>
  <datafield tag="650" ind1=" " ind2="0">
    <subfield code="a">Jard&#xED;n bot&#xE1;nico</subfield>
    <subfield code="x">Plantas</subfield>
    <subfield code="x">Dise&#xF1;o</subfield>
    <subfield code="9">103319</subfield>
  </datafield>
  <datafield tag="650" ind1=" " ind2="0">
    <subfield code="a">Invernadero</subfield>
    <subfield code="x">Aspectos ambientales</subfield>
    <subfield code="9">103320</subfield>
  </datafield>
  <datafield tag="650" ind1=" " ind2="0">
    <subfield code="a">Entorno natural</subfield>
    <subfield code="x">Aspectos ambientales</subfield>
    <subfield code="9">103321</subfield>
  </datafield>
  <datafield tag="650" ind1=" " ind2="0">
    <subfield code="a">Educaci&#xF3;n</subfield>
    <subfield code="x">Aspectos ambientales</subfield>
    <subfield code="9">103322</subfield>
  </datafield>
  <datafield tag="942" ind1=" " ind2=" ">
    <subfield code="2">ddc</subfield>
    <subfield code="c">LIBRO</subfield>
    <subfield code="n">0</subfield>
  </datafield>
  <datafield tag="952" ind1=" " ind2=" ">
    <subfield code="0">0</subfield>
    <subfield code="1">0</subfield>
    <subfield code="2">ddc</subfield>
    <subfield code="4">0</subfield>
    <subfield code="7">0</subfield>
    <subfield code="8">GENERAL</subfield>
    <subfield code="D">Gu&#xED;a</subfield>
    <subfield code="a">Bogota</subfield>
    <subfield code="b">Bogota</subfield>
    <subfield code="d">2021-11-10</subfield>
    <subfield code="g">50000.00</subfield>
    <subfield code="l">0</subfield>
    <subfield code="o">635.0483 S642</subfield>
    <subfield code="p">030509</subfield>
    <subfield code="r">2021-11-10 00:00:00</subfield>
    <subfield code="t">Ej. 1</subfield>
    <subfield code="w">2021-11-10</subfield>
    <subfield code="x">Donacion</subfield>
    <subfield code="y">LIBRO</subfield>
  </datafield>
  <datafield tag="952" ind1=" " ind2=" ">
    <subfield code="0">0</subfield>
    <subfield code="1">0</subfield>
    <subfield code="2">ddc</subfield>
    <subfield code="4">0</subfield>
    <subfield code="7">0</subfield>
    <subfield code="8">GENERAL</subfield>
    <subfield code="a">Bogota</subfield>
    <subfield code="b">Bogota</subfield>
    <subfield code="d">2021-11-10</subfield>
    <subfield code="g">50000.00</subfield>
    <subfield code="l">0</subfield>
    <subfield code="o">635.0483 S642</subfield>
    <subfield code="p">030510</subfield>
    <subfield code="r">2021-11-12 00:00:00</subfield>
    <subfield code="t">Ej. 1 Gu&#xED;a</subfield>
    <subfield code="w">2021-11-12</subfield>
    <subfield code="x">Donacion</subfield>
    <subfield code="y">Folleto</subfield>
  </datafield>
</record>
